000 01236cam a2200313 a 4500
001 13456962
003 ARRUPE
005 20220406081812.0
008 040113s2004 nyua 001 0 eng
010 _a 2004100536
020 _a0826414648
035 _a(DLC) 2004100536
040 _aDLC
_cDLC
_dDLC
050 0 0 _aPN1995.9.P7
_bJ65 2004
082 0 0 _a791.4302/3
_222
100 1 _aJolliffe, Genevieve.
_951194
245 1 4 _aThe guerilla film makers handbook /
_cGenevieve Jolliffe and Chris Jones ; US editorial, Andrew Zinnes.
260 _aNew York, NY :
_bContinuum,
_cc2004.
300 _a720 p. :
_bill. ;
_c25 cm.
500 _aIncludes index.
650 0 _aMotion pictures
_xProduction and direction.
_950707
650 0 _aLow budget films.
_950709
700 1 _aJones, Chris,
_d1967-
_950706
856 4 2 _3Contributor biographical information
_uhttp://www.loc.gov/catdir/enhancements/fy1115/2004100536-b.html
856 4 2 _3Publisher description
_uhttp://www.loc.gov/catdir/enhancements/fy1214/2004100536-d.html
906 _a7
_bcbc
_corignew
_d2
_eepcn
_f20
_gy-gencatlg
942 _2lcc
_cMONOGRAPH
999 _c131244
_d131244